59. Medzinárodná galvanická konferencia zborník prednášok : 21.-22. jún 2017, Kočovce
| Corporate Author: | |
|---|---|
| Other Authors: | |
| Format: | Conference Proceeding Book |
| Language: | Slovak Czech English |
| PhysicalDescription: | 84 s. fotogr., grafy, ilustr., mp., tab. 21 cm |
| Published: |
Bratislava
Slovenská technická univerzita v Bratislave
2017
|
| ISBN: | 9788022747059 |
| Subjects: |
MARC
| LEADER | 00000cam a2200000 a 4500 | ||
|---|---|---|---|
| 001 | vtls011714432 | ||
| 003 | SK-MaSNL | ||
| 005 | 20260301044152.0 | ||
| 008 | 220509s2017 xo odabf n 100 0 slo | ||
| 015 | |a SNBA2017/10 | ||
| 020 | |a 9788022747059 |q (brož.) | ||
| 035 | |a urn:nbn:sk:snk-am00gjw9 | ||
| 035 | |a urn:nbn:sk:snk-am3j56r | ||
| 035 | |a 62BC90ED-7F39-451C-8019-DC3D2103E008 | ||
| 040 | |a SNK |b slo |c SNK |e AACR2 | ||
| 041 | 0 | |a slo |a cze |a eng | |
| 044 | |a xo |c SK | ||
| 072 | 7 | |a 620.1/.2 |x Náuka o materiáli |2 konspekt | |
| 080 | |a 620.197 |2 2011 | ||
| 080 | |a 669.387 |2 2011 | ||
| 080 | |a 621.793/.795-034 |2 2011 | ||
| 080 | |a (062.534) |2 2011 | ||
| 111 | 2 | |a Medzinárodná galvanická konferencia |n (59. : |d 2017 : |c Kočovce, Slovensko) |4 aut |9 350158 | |
| 245 | 1 | 0 | |a 59. Medzinárodná galvanická konferencia |b zborník prednášok : 21.-22. jún 2017, Kočovce |c [editor: Vladimír Danielik] |
| 246 | 3 | |a Päťdesiata deviata Medzinárodná galvanická konferencia | |
| 260 | |a Bratislava |b Slovenská technická univerzita v Bratislave |c 2017 | ||
| 300 | |a 84 s. |b fotogr., grafy, ilustr., mp., tab. |c 21 cm | ||
| 504 | |a Bibliogr. odkazy | ||
| 546 | |a Čiast. text v angl. a češ. | ||
| 650 | 0 | 7 | |a protikorózna ochrana |2 SNKPH |9 28802 |
| 650 | 0 | 7 | |a galvanizácia |2 SNKPH |9 90969 |
| 650 | 0 | 7 | |a povrchové úpravy materiálov |2 SNKPH |9 4207 |
| 650 | 0 | 7 | |a Corrosion protection |2 SNKPHeng |9 312433 |
| 650 | 0 | 7 | |a Vopper-plating |2 SNKPHeng |9 332469 |
| 650 | 0 | 7 | |a Metals finishing |2 SNKPHeng |9 312432 |
| 655 | 7 | |a zborníky konferencií |2 SNKPH |9 70153 | |
| 655 | 7 | |a Proceedings of conferences |2 SNKPHeng |9 265791 | |
| 700 | 1 | |a Danielik, Vladimír, |d 1968- |4 edt |9 224632 | |
| 710 | 2 | |a Slovenská technická univerzita v Bratislave. |b Vydavateľstvo Spektrum |4 pbl |9 212057 | |
| 919 | |a 978-80-227-4705-9 | ||
| 958 | |a NB | ||
| 999 | |c 595366 |d 597296 | ||
| 952 | |a SNK |b SNK |y PREZ |7 0 |p 17A1272900 |o snkSC 176425 |i snk2017/21785 |8 0 |0 0 |1 0 |4 0 |d 2017-10-09 |f 1 |l 0 |r 2025-09-17 00:00:00 |w 2026-02-23 | ||
| 952 | |a SNK |b SNK |y VYP |7 0 |p 17A1272901 |o snkSC 176425 D1 |i snk2017/21786 |8 0 |0 0 |1 0 |4 0 |d 2017-10-09 |l 0 |r 2026-02-23 15:37:11 |w 2026-02-23 | ||


